30 Najludniejszych powiatów Polski - Statystyki

Ogólne statystyki
  • Ten quiz został rozwiązany 333 razy
  • Średni wynik to 19 z 30
Statystyki odpowiedzi
lp. Populacja Powiat % Poprawnych
1 1 753 977 Warszawa
99%
2 765 320 Kraków
97%
6 463 754 Gdańsk
96%
3 696 503 Łódź
94%
4 637 683 Wrocław
94%
5 540 372 Poznań
90%
7 404 878 Szczecin
90%
14 246 991 Gdynia
89%
11 298 111 Katowice
89%
10 340 466 Lublin
87%
12 296 628 Białystok
86%
9 353 958 Bydgoszcz
85%
26 187 442 Rzeszów
83%
22 202 521 Toruń
80%
17 215 020 Radom
79%
16 226 225 Częstochowa
76%
24 197 704 Kielce
75%
21 205 873 Sosnowiec
75%
27 182 156 Gliwice
74%
30 175 459 Zabrze
68%
8 373 570 poznański
43%
13 272 591 krakowski
42%
20 208 977 Kielecki
25%
15 238 478 wołomiński
24%
23 200 886 tarnowski
23%
28 179 496 piaseczyński
22%
18 213 864 nowosądecki
17%
19 211 455 wejherowski
17%
25 190 757 nowotarski
15%
29 177 863 cieszyński
14%
Nie znaleziono quizów pasujących do podanych kryteriów
Rozkład punktacji
Procent ludzi z każdym wynikiem
Percentyl według liczby udzielonych odpowiedzi
Twoja historia wyników
Nie rozwiązałeś tego quizu